=LDR 00000nam 2200000 4500 =001 INLIS000000000001129 =005 20130612085536 =008 ***********************************Ind** =035 ##$$0010-061300000001129 =041 ##$$a Ind =082 ##$$a 305.520 9 =090 ##$$a 305.520 9, Kar-p =100 ##$$a Kartodirjo, Sartono =245 ##$$a Perkembangan peradaban priyayi, Sartono Kartodirjo, A.Sudewo Suharjo Hatmosuprobo =260 ##$$a 1987 $b Yogyakarta =300 ##$$a viii, 234 hlm, ilus, 21 cm =650 ##$$a Ningrat, kaum =650 ##$$a Sejarah =700 ##$$a Sudewo, A =850 ##$$a NBPNMAT